| 000 | 01474cam a2200337 i 4500 | ||
|---|---|---|---|
| 001 | 4190927 | ||
| 003 | OSt | ||
| 005 | 20211125102548.0 | ||
| 008 | 801208s1981 maua b 001 0 eng | ||
| 010 | _a 80029223 | ||
| 020 | _a0899460771 | ||
| 040 |
_aDLC _cHU _dDLC |
||
| 043 | _ad------ | ||
| 050 | 0 | 0 |
_aTX359 _b.H37 1981 |
| 082 | 0 | 0 |
_a363.8/8/091724 _219 |
| 110 | 2 |
_aHarvard Institute for International Development. _920473 |
|
| 245 | 1 | 0 |
_aNutrition intervention in developing countries : _ban overview / _cprepared by the Harvard Institute for International Development ; project director, James E. Austin, associate project director, Marian F. Zeitlin ; prepared for Office of Nutrition, Development Support Bureau, U.S. Agency for International Development. |
| 260 |
_aCambridge, Mass. : _bOelgeschlager, Gunn & Hain, _cc1981. |
||
| 300 |
_axviii, 227 p. : _bill. ; _c24 cm. |
||
| 500 | _aIncludes index. | ||
| 504 | _aBibliography: p. 147-208. | ||
| 650 | 0 |
_aNutrition policy _zDeveloping countries. _919881 |
|
| 650 | 0 |
_aNutrition _xStudy and teaching _zDeveloping countries. _920474 |
|
| 650 | 0 |
_aFood relief _zDeveloping countries. _920475 |
|
| 650 | 0 |
_aFood supply _zDeveloping countries. _920476 |
|
| 700 | 1 |
_aAustin, James E. _920477 |
|
| 700 | 1 |
_aZeitlin, Marian F. _920478 |
|
| 710 | 1 |
_aUnited States. _bAgency for International Development. _bOffice of Nutrition. _920479 |
|
| 906 |
_a7 _bcbc _corignew _du _eocip _f19 _gy-gencatlg |
||
| 942 |
_2ddc _cBOOKS _n0 |
||
| 999 |
_c20080 _d20080 |
||